| 000 | 00433nam a2200157 4500 | ||
|---|---|---|---|
| 003 | NUST | ||
| 005 | 20220222120918.0 | ||
| 008 | 220222b ||||| |||| 00| 0 eng d | ||
| 038 | _aSAIF | ||
| 082 |
_2551.1 IAE _aIAE |
||
| 100 |
_4International Atomic Energy Agency _d2020 _989348 |
||
| 245 |
_aIntegrated Assessment of Climate, Land, Energy and Water _bIAE |
||
| 260 |
_6IAE _aVIENNA _bIAE _c2020 |
||
| 563 | _aH.B | ||
| 942 |
_2ddc _cBK |
||
| 999 |
_c588116 _d588116 |
||